| 000 | 01200nam a2200241 i 4500 | ||
|---|---|---|---|
| 001 | 161509 | ||
| 003 | ES-MaACL | ||
| 005 | 20230906212312.0 | ||
| 008 | 041022s1861 sp |||| | spa d | ||
| 080 | _a338.1(4)"18" | ||
| 080 | _a94(4)"1848/71" | ||
| 100 | 1 |
_aPastor, Luis María. _989484 |
|
| 245 | 1 | 3 |
_aLa Europa en 1860 : _brevista político-económica de las principales potencias, a saber : Rusia, Prusia, Austria, Cerdeña, Bélgica, Francia, Inglaterra y España / _cpor D. Luis María Pastor, ex-ministro de Hacienda... |
| 260 |
_aMadrid : _b[s.n.], _c1861 ( _fImp. de Manuel Galiano) |
||
| 300 |
_a103 p. ; _c17 cm. |
||
| 530 | _aDisponible en formato digital. | ||
| 596 | _a"Esta revista ha sido publicada en algunos números de la Gaceta economista" | ||
| 651 | 4 |
_aEuropa- _xHistoria- _y1848-1871. _9150322 |
|
| 651 | 4 |
_aEuropa- _xSituación económica- _yS.XIX. _9164985 |
|
| 852 | 4 |
_aES-MaACL _jT-141-F-3 _z- Enc. hol., falto de cub. original _z- Enc. en un vol. facticio |
|
| 852 | 4 |
_aES-MaACL _jT-1300-F-8 _z- Enc. hol., conservando cub. original _z- Enc. en un vol. facticio |
|
| 856 | 4 |
_uhttp://bdh-rd.bne.es/viewer.vm?id=0000039297&page=1 _zBiblioteca Digital Hispánica |
|
| 999 |
_c161509 _d161509 |
||